| 000 | 00528nam a2200205Ia 4500 | ||
|---|---|---|---|
| 003 | GCL | ||
| 008 | 140319s9999 xx 000 0 eng d | ||
| 040 |
_aGCL / _cGCL |
||
| 082 | 0 | 4 |
_a782.1 _bS A |
| 100 | 1 | _aDUPLEIX, JILL | |
| 245 | 1 | 0 |
_aALLEGRO ALDENTE : PASTA & OPERA / _cDUPLEIX, JILL |
| 700 | 1 | _aSTASIA, RINALDO DI | |
| 700 | 1 | _aDURACK, TERRY | |
| 260 |
_a[S.N] : _bWILLIAM HEINEMANN LTD ، _c1994 |
||
| 300 | _a162 P | ||
| 650 | 0 | 4 | _aMUSIC |
| 650 | 0 | 4 | _aOPERA - ITALY |
| 650 | 0 | 4 | _aOPERA - HISTORY |
| 942 |
_2ddc _cBK |
||
| 999 |
_c16383 _d16383 |
||